| 000 | 00385nam a2200157Ia 4500 | ||
|---|---|---|---|
| 008 | 130318s9999 xx 000 0 und d | ||
| 020 | _a70494673 | ||
| 082 | _a005.133C BAL/P | ||
| 100 | _aBalagurusamy, E | ||
| 245 | _aProgramming in ANSI C | ||
| 250 | _a2 | ||
| 260 |
_bTata McGraw Hill _aNew Delhi _c1989 |
||
| 300 | _a433 | ||
| 650 | _aC PROGRAMMING | ||
| 650 | _aPROGRAMMING LANGUAGE | ||
| 999 |
_c607 _d607 |
||